DEEP LEARNING WITH TENSOR FLOW AND KERAS (Record no. 8613)

MARC details
000 -LEADER
fixed length control field 00483nam a22001817a 4500
005 - DATE AND TIME OF LATEST TRANSACTION
control field 20240902123456.0
008 - FIXED-LENGTH DATA ELEMENTS--GENERAL INFORMATION
fixed length control field 240831b |||||||| |||| 00| 0 eng d
020 ## - INTERNATIONAL STANDARD BOOK NUMBER
ISBN 978-1-803-23291-1
041 ## - LANGUAGE CODE
Language code of text/sound track or separate title eng
082 ## - DEWEY DECIMAL CLASSIFICATION NUMBER
Classification number 006.31KAP
100 ## - MAIN ENTRY--AUTHOR NAME
Personal name KAPOOR, AMITA GULLI, ANTONIO AND PAL, SUJIT
245 ## - TITLE STATEMENT
Title DEEP LEARNING WITH TENSOR FLOW AND KERAS
250 ## - EDITION STATEMENT
Edition statement 3RD ED.
260 ## - PUBLICATION, DISTRIBUTION, ETC. (IMPRINT)
Place of publication MUMBAI
Name of publisher PACKT BIRMINGHAM
Year of publication 20220
300 ## - PHYSICAL DESCRIPTION
Number of Pages 667;P
650 ## - SUBJECT ADDED ENTRY--TOPICAL TERM
Topical Term CS & IT
942 ## - ADDED ENTRY ELEMENTS (KOHA)
Koha item type Books
Holdings
Lost status Damaged status Collection code Home library Current library Shelving location Date acquired Source of acquisition Cost, normal purchase price Serial Enumeration / chronology Full call number Accession Number Koha item type
    CS/IT JRU Library JRU Library SHELF-72-D 30/08/2024 PURCHASE 4339.00 NEW ARRIVALS SHELF 006.31 28362 Books
    CS/IT JRU Library JRU Library SHELF-53-D 30/08/2024 PURCHASE 4339.00   006.31 28363 Books